000 00440cam a22001337a 4500
008 180718b1997 xxu||||| |||| 00| 0 eng d
082 _aT000x54 B65
100 _aBose, Subhash Chandra
245 _aSubhas Chandra Bose: pioneer of Indian planning
_cby Subhash Chandra Bose
260 _aNew Delhi
_bPlanning Commission
_c1997
300 _a144p.
650 _aPlanning - India
650 _aBose, Subash Chandra - Criticism and interpretation
999 _c486484
_d486484